000
00316nam a22001337a 4500
020
_a
962-258-267-2
082
_a
828
_b
BAR/D
100
_a
BARONE, DON
245
_a
THE DOCTORS BOOK OF HOME REMEDIES
260
_a
HONG KONG
_b
PRASONS WALTON PRESS
_c
2002
300
_a
676
650
_a
HEALTH CARE
_z
INDIA
942
_c
BK
999
_c
1769
_d
1769